| 000 | 01754nam a22002417a 4500 | ||
|---|---|---|---|
| 005 | 20120628140413.0 | ||
| 010 | _aB-487311-313 | ||
| 020 |
_a9789380053530 _c150.00 |
||
| 035 | _aB-487311-313 | ||
| 037 | _bके.के.पब्लिकेशंस | ||
| 082 | _a821 | ||
| 100 |
_aचतुर्वेदी, सुबोध _954726 |
||
| 245 |
_aअपना आकाश/ _c सुबोध चतुर्वेदी |
||
| 260 |
_aगाजियाबाद _bअनुभव प्रकाशन _c2012 |
||
| 270 |
_aई-28, लाजपत नगर, साहिबाबाद _bगाजियाबाद _e5 _k0120-4112210 |
||
| 300 |
_a128 पृ. _c22 सें.मी.(सजिल्द) |
||
| 942 |
_2ddc _cHN _h821 _mचतुर्वे |
||
| 999 |
_c68236 _d68236 |
||